Layering constructs (Record no. 16653)

MARC details
000 - LÍDER
campo de control de longitud fija 01155nam a2200217Ia 4500
008 - ELEMENTOS DE DATOS DE LONGITUD FIJA - INFORMACIÓN GENERAL
campo de control de longitud fija 0000002015 usad 0000000000eng00
020 ## - INTERNATIONAL STANDARD BOOK NUMBER
International Standard Book Number 7980989762762
090 ## - NÚMERO DE LLAMADA DE TIPO LC LOCALMENTE ASIGNADO (OCLC)
Número de clasificación (OCLC) (R) PUS00 I71l
100 1# - ENTRADA PRINCIPAL - NOMBRE PERSONAL
Nombre de la persona Isaacs, J. Susan
245 10 - TÍTULO DECLARACIÓN
Título Layering constructs
Resto del título : Margo Allman, Charles Burwell, Antonio Puri
Declaración de responsabilidad / essays J. Susan Isaacs, Margaret Winslow, Maiza Hixson
260 ## - PUBLICACIÓN, DISTRIBUCIÓN
Lugar de publicación Delaware, Wilmington, Estados Unidos : Delaware Center for the Contemporary Arts
Fecha de publicación , 2015
300 ## - DESCRIPCIÓN FÍSICA
Alcance 35 p.
Dimensiones / 28 cm.
500 ## - NOTA GENERAL
Nota general Exposición realizada en Delaware Art Museum de Wilmington entre el 11 de abril y el 2 de agosto de 2015 y en Delaware Center for the Contemporary Arts entre el 18 de abril y el 7 de septiembre de 2015 \ Incluye datos biográficos y cronología artística
600 00 - ENTRADA DE SUJETO AÑADIDO - NOMBRE PERSONAL
Nombre de la persona ALLMAN, MARGO, 1933/
Subdivisión general TRABAJOS PICTORICOS \ BURWELL, CHARLES/
-- TRABAJOS PICTORICOS \ PURI, ANTONIO/
-- TRABAJOS PICTORICOS
650 14 - ENTRADA DE SUJETO AÑADIDO - TÉRMINO TÓPICO
Término tópico o elemento de entrada del nombre geográfico PINTURA ESTADOUNIDENSE
650 14 - ENTRADA DE SUJETO AÑADIDO - TÉRMINO TÓPICO
Término tópico o elemento de entrada del nombre geográfico ARTE CONTEMPORANEO ESTADOUNIDENSE
650 14 - ENTRADA DE SUJETO AÑADIDO - TÉRMINO TÓPICO
Término tópico o elemento de entrada del nombre geográfico ARTISTAS PLASTICOS ESTADOUNIDENSES
650 14 - ENTRADA DE SUJETO AÑADIDO - TÉRMINO TÓPICO
Subdivisión general CATALOGOS
650 14 - ENTRADA DE SUJETO AÑADIDO - TÉRMINO TÓPICO
Subdivisión general EXPOSICIONES
700 1# - ENTRADA AGREGADA - NOMBRE PERSONAL
Nombre de la persona Winslow, Margaret \ HiXson, Maiza
Holdings
Estado de retirada Pérdida de estatus Estado dañado No para préstamo Código de recogida Ubicación permanente Ubicación actual Ubicación de las estanterías Fecha de adquisición Número de llamada completo Código de barras Fecha de la última vez que se vio Número de copia Precio efectivo desde Tipo de artículo Koha
        General ArtNexus ArtNexus General 06/09/2022 P-US-00 I71L 16704 06/09/2022 Ej.1 06/09/2022 Libro

Powered by Koha